00222nam a22000857a 4500082001300000100001800013245005600031260004000087300000900127 a320.9172 aLucian W. Pye aAn analytic study aspects of political development aIslamabadbNational Book foundation a205p